| 000 | 00945nam0a22002531 4500 | ||
|---|---|---|---|
| 001 | rc\3951996 | ||
| 005 | 20130415115411.6 | ||
| 035 | _a(NLR Aleph) 007923862 | ||
| 090 |
_a8175343 _c8175343 |
||
| 100 | _a20130415d1956 |||y0rusy50 ca | ||
| 101 | 0 | _arus | |
| 102 | _aRU | ||
| 105 | _aa z ||||| | ||
| 200 | 1 |
_aРуководство к лабораторным работам по физике _eВлажность воздуха _fПод ред. канд. физ.-мат. наук доц. Е.А. Штрауфа _gЛенингр. технол. ин-т холодильной пром-сти |
|
| 210 |
_aЛенинград _cБ. и. _d1956 |
||
| 215 |
_a[2], 9 с. _cил. _d29 |
||
| 300 | _aСтеклогр. | ||
| 700 | 1 |
_aЛевшин _bВ. С. _f1921- _gВиктор Сергеевич |
|
| 702 | 1 |
_aШтрауф _bЕ. А. _4340 |
|
| 801 | 0 |
_aRU _bNLR _gpsbo |
|
| 801 | 1 |
_aRU _bELAR _2rusmarc |
|
| 852 |
_aNLR _j57-8/322 |
||
| 942 | _cBOOK | ||
| 980 | _aNB | ||